[Event "Trondheim tt U26"]
[Site "Trondheim"]
[Date "2008.04.05"]
[Round "3"]
[White "Opedal, Jan Petter"]
[Black "Stenvik, Sigurd"]
[Result "1/2-1/2"]
[WhiteElo "1407"]
[BlackElo "1119"]
[PlyCount "45"]
[EventDate "2008.04.05"]
[EventType "team-tourn"]
[EventRounds "5"]
[EventCountry "NOR"]
[SourceTitle "EXT 2010"]
[Source "ChessBase"]
[SourceDate "2010.11.25"]
[SourceVersion "1"]
[SourceVersionDate "2010.11.25"]
[SourceQuality "1"]

1. c4 e5 2. Nc3 Nf6 3. Nf3 Nc6 4. g3 Bb4 5. Bg2 d6 6. Qb3 Rb8 7. 0-0 Bxc3 8. Qxc3 Bg4 9. d3 h6 10. e3 Qd7 11. Nd2 0-0 12. b3 Bh3 13. Bb2 Bxg2 14. Kxg2 Nh7 15. f4 f6 16. f5 Rfe8 17. g4 Ng5 18. h4 Nf7 19. Rae1 Rbd8 20. Nb1 d5 21. Rf2 dxc4 22. dxc4 Qd3 23. Qxd3 1/2-1/2

[Event "Trondheim tt U26"]
[Site "Trondheim"]
[Date "2008.04.05"]
[Round "2"]
[White "Stenvik, Sigurd"]
[Black "Larsen Hagen, Brede Andre"]
[Result "0-1"]
[WhiteElo "1119"]
[BlackElo "1921"]
[PlyCount "106"]
[EventDate "2008.04.05"]
[EventType "team-tourn"]
[EventRounds "5"]
[EventCountry "NOR"]
[SourceTitle "EXT 2010"]
[Source "ChessBase"]
[SourceDate "2010.11.25"]
[SourceVersion "1"]
[SourceVersionDate "2010.11.25"]
[SourceQuality "1"]

1. e4 e5 2. Nf3 Nc6 3. Bc4 Nf6 4. Nc3 h6 5. d3 d6 6. h3 g6 7. Be3 Na5 8. Bb3 Nxb3 9. axb3 Bg7 10. 0-0 0-0 11. Nh2 d5 12. exd5 Nxd5 13. Nxd5 Qxd5 14. Qf3 Be6 15. Rfe1 a6 16. Qxd5 Bxd5 17. Bc5 Rfe8 18. f3 Re6 19. Bb4 Rae8 20. Bc3 f5 21. Kf2 Kf7 22. Re2 Bf6 23. Rae1 Bc6 24. Nf1 R8e7 25. Nd2 b5 26. b4 Bd5 27. Nf1 h5 28. Nd2 Re8 29. Nf1 R8e7 30. Nd2 g5 31. Nf1 Kg6 32. Nh2 Re8 33. b3 f4 34. Nf1 Kf5 35. Bb2 g4 36. hxg4+ hxg4 37. fxg4+ Kxg4 38. Nh2+ Kf5 39. Kf1 Bh4 40. Rd1 Bg3 41. Nf3 Rh8 42. Kg1 Rhe8 43. Nd2 e4 44. dxe4+ Bxe4 45. Nxe4 Rxe4 46. Rxe4 Rxe4 47. Bc3 Re2 48. Rc1 Kg4 49. Kf1 Rf2+ 50. Kg1 f3 51. gxf3+ Kxf3 52. Be1 Rg2+ 53. Kf1 Bh2 0-1